Isis (Registro nro. 311473)
[ vista simple ]
| 000 -ENCABEZADO | |
|---|---|
| Número de control [NR] | 01737nam a2200253Ia 4500 |
| 005 - FECHA Y HORA DE LA ÚLTIMA TRANSACCIÓN | |
| control field | 20210603155252.0 |
| 008 - DE LONGITUD FIJA DE DATOS DE ELEMENTOS - INFORMACIÓN GENERAL | |
| Elementos de longitud fija [NR] | 130821s1923 fr fr 1 fre |
| 040 ## - FUENTE DE CATALOGACION [NR] | |
| Agencia de catalogación original [NR] | Co-BoUCM |
| Idioma de catalogación [NR] | spa |
| Quien Cataloga | Sandra Yazo |
| Quien Clasifica | Sandra Yazo |
| 041 1# - CODIGO DE IDIOMA [R] | |
| Código de idioma para texto/pista de sonido o título separado [R] | Francés |
| 082 04 - NUMERO DE CLASIFICACION DECIMAL DEWEY [R] | |
| Número de clasificación [R] | 840 |
| Número de la edición [NR] | 20 |
| 092 ## - SIGNATURA TOPOGRAFICA LOCAL | |
| Número de clasificación local | E48N006 |
| 100 1# - ASIENTO PRINCIPAL--NOMBRE PERSONAL [NR] | |
| Nombre personal [NR] | Villiers de L'Isle-Adam, Auguste |
| Títulos u otras palabras asociadas al nombre [R] | comte de |
| Fechas asociadas con el nombre [NR] | 1838-1889 |
| ID Autoridad | 95280 |
| Forma más completa del nombre [NR] | (Jean Marie Mathias Philippe Auguste) |
| 245 10 - MENCION DE TITULO [NR] | |
| Título [NR] | Isis |
| Mención de responsabilidad, etc. [NR] | Villaers de L'Isle-Adam |
| 260 ## - PUBLICACION, DISTRIBUCION, ETC. (PIE DE IMPRENTA) [R] | |
| Lugar de publicación, distribución, etc. [R] | París (Francia) |
| Nombre del editor, distribuidor, etc. [R] | Les éditions G. Crès et Cie. ; Impr. F. Paillart. [Ediciones G. Crès y Compañía] ; Imprenta de F. Paillart |
| Fecha de publicación, distribución, etc. [R] | 1923 |
| 300 ## - DESCRIPCION FISICA [R] | |
| Extensión [R] | 257, [1] páginas |
| Dimensiones [R] | 18 x 12 cm. |
| 500 ## - NOTA GENERAL [R] | |
| Nota general [NR] | Detalles físicos: Encuadernación rígida (holandesa) en cartón forrado en papel jaspeado azul; lomo de tela texturizada con adornos en dorado. Guardas. Hoja de cortesía. Anteportada. Portada impresa en una sola tinta; con marca tipográfica de los editores. Texto impreso en una sola columna, con caracteres grandes. Notas de pie de página. Cortes con jaspeados. Índice. Sello de tinta en portada: “Librería Americana. Bogotá. Concha & Michelsen”. |
| 505 0# - NOTA DE CONTENIDO CON FORMATO PREESTABLECIDO [R] | |
| Nota de contenido con formato preestablecido [NR] | Italia ; El que debía venir ; Paseo nocturno ; Primer aspecto de Tulia Fabriana ; Transfiguración ; Estudio de la infancia ; La biblioteca desconocida ; Isis ; Presentación ; El palacio encantado ; Aventuras caballerescas ; ¡Hágase la noche! Tinieblas El eterno femenino ; “Mañana navegaremos nuevamente sobre la profundidad del mar…” |
| 506 ## - NOTA DE RESTRICCIONES DE ACCESO [R] | |
| Condiciones de acceso [NR] | Consulta en sala |
| 546 ## - NOTA DE IDIOMA [R] | |
| Nota de idioma [NR] | Texto en francés |
| 650 #7 - ASIENTO SECUNDARIO DE MATERIA - TERMINO TEMATICO [R] | |
| Término temático o nombre geográfico como elemento de entrada [NR] | Literatura francesa |
| 9 (RLIN) | 7794 |
| Subdivisión cronológica [R] | Siglo XIX |
| 650 #7 - ASIENTO SECUNDARIO DE MATERIA - TERMINO TEMATICO [R] | |
| Término temático o nombre geográfico como elemento de entrada [NR] | Relatos |
| 9 (RLIN) | 23487 |
| Subdivisión cronológica [R] | Siglo XIX |
| Subdivisión geográfica [R] | Francia |
| 690 ## - ASUNTO AGREGADO LOCAL DE ENTRADA - TÉRMINO TEMÁTICO (OCLC, RLIN) | |
| Acceso temático local | Literatura europea |
| 9 (RLIN) | 26524 |
| 942 ## - ELEMENTOS DE ENTRADA AGREGADOS (KOHA) | |
| Tipo de ítem principal el descrito en 300a | Libro |
| Edición | 1 |
| Sistema de clasificación | LOCAL |
| Clasificación | E48N006 |
| Suprimido | Perdido | Sistema de clasificación | Dañado | No prestable | Tipo de ítem específico | Ubicación habitual | Ubicación actual | Localización | Fecha de creación | Forma de adquisición | Costo | Total préstamos | Signatura topográfica | Código de barras | Última vez visto | Ejemplar | Price effective from | Tipo de ítem |
|---|---|---|---|---|---|---|---|---|---|---|---|---|---|---|---|---|---|---|
| LOCAL | Libro archivo | Archivo Histórico | Archivo Histórico | Archivo histórico | 29/01/2019 | Donación | 0.00 | E48N006 | L009845 | 29/01/2019 | Ej.1 | 29/01/2019 | Libro |